000 00424nam a2200205Ia 4500
001 12841
003 GE_BSU
008 181216s||||||||xx |||||||||||||| ||und||
020 _a9780349000206
040 _cGE_BSU
080 _a821.111-32
100 _aBanks,Iain.
245 _aStonemouth.
260 _aLondon.
260 _bAbacus.
260 _c2012
300 _a434p;19cm.
653 _aStonemouth.
942 _cBK
999 _c46011
_d46011